00730cam a22002297a 4500003000500000005001700005008004100022010001000063011001000073035001000083040000900093082002100102110003900123245021900162260002500381300001900406490001400425650001100439650002700450710000900477830001400486CHAP20220817041749.0971013s1964 r 00010 d a23747 a24719 a28818 cCHAP a633.18bC65 1964 aComisión Internacional del Arroz 0aReport of the third meeting of the working party on the agricultural engineering aspects of rice production, storage and processing of the International Rice Commission, held at Manila, Philippines, 7-14 March 1964 a(Rome) :bFAO,c1964 apág. varía 0aIRC/AE-6414aArroz.14aArrozxAlmacenamiento.0 aFAO.0 aIRC/AE-64